[Event "Foment Martinenc op-C 23rd"]
[Site "Barcelona"]
[Date "2023.04.22"]
[Round "1"]
[White "Rodrigo Yuste, Jose Antonio"]
[Black "Pinyol Llora, Miquel"]
[Result "1-0"]
[WhiteElo "1700"]
[BlackElo "1124"]
[PlyCount "133"]
[EventDate "2023.04.22"]
[EventType "swiss"]
[EventRounds "9"]
[EventCountry "ESP"]
[SourceTitle "EXT 2024"]
[Source "ChessBase"]
[SourceDate "2023.10.10"]
[SourceVersion "1"]
[SourceVersionDate "2023.10.10"]
[SourceQuality "1"]

1. e4 c6 2. d4 d5 3. exd5 cxd5 4. Nf3 Nc6 5. Nc3 Bf5 6. Bd3 Bg4 7. Bb5 e6 8. Qd3 Bd6 9. 0-0 Nge7 10. Ne5 Bf5 11. Qe2 a6 12. Bxc6+ Nxc6 13. Nxc6 bxc6 14. Na4 Qc7 15. f4 Qa5 16. Nc3 Qb6 17. Qf2 Rc8 18. Na4 Qa7 19. Nc5 Bxc5 20. dxc5 0-0 21. c3 Rfe8 22. Be3 Qe7 23. Bd4 Bd3 24. Qg3 f6 25. Qxd3 e5 26. fxe5 fxe5 27. Rae1 Qg5 28. Be3 Qg6 29. Qxg6 hxg6 30. Bf2 Rb8 31. b4 a5 32. a3 Rbd8 33. Bg3 e4 34. Bc7 Rd7 35. Bxa5 d4 36. cxd4 Rxd4 37. Rf4 Re7 38. Ref1 Re8 39. Bc7 Rd7 40. Bd6 Rdd8 41. Re1 e3 42. Re2 Re6 43. a4 Ra8 44. a5 g5 45. Rg4 Kf7 46. Rxg5 Re4 47. Re5 Rxb4 48. R5xe3 Rxa5 49. h3 Ra8 50. Rf2+ Kg8 51. Re7 Rb1+ 52. Kh2 Rf8 53. Rxf8+ Kxf8 54. Rb7+ Kg8 55. Rxb1 Kh7 56. Rb6 g5 57. Rxc6 g4 58. Kg3 gxh3 59. Kxh3 Kh8 60. Be5+ Kg8 61. Ra6 Kf7 62. c6 Ke7 63. Ra7+ Kd8 64. Ra8+ Ke7 65. c7 Kd7 66. c8Q+ Ke7 67. Qe8# 1-0